书目信息 |
| 题名: |
唐山市畜牧志
|
|
| 作者: | 杨学城 ;王田 张玉安 | |
| 分册: | ||
| 出版信息: | 天津 天津人民出版社 2002 |
|
| 页数: | 281 | |
| 开本: | 26cm | |
| 丛书名: | ||
| 单 册: | ||
| 中图分类: | S8-1 | |
| 科图分类: | ||
| 主题词: | 养蜂业 , 畜牧 , 兽医学 , 狩猎 , 蚕业 | |
| 电子资源: | ||
| ISBN: | 7-201-04048-0 | |
| 000 | 00681nam0 2200241 450 | |
| 001 | 0741144344 | |
| 005 | 20070817112544.34 | |
| 010 | @a7-201-04048-0@d¥50.00 | |
| 100 | @a20070817d km y0chiy0120 ea | |
| 101 | 0 | @achi |
| 200 | 1 | @a唐山市畜牧志@Atang shan shi chu mu zhi@f杨学城@Fyang xue cheng@g王田 张玉安等@Gwang tian zhang yu an deng |
| 210 | @a天津@c天津人民出版社@d2002 | |
| 215 | @a281@c彩图@d26cm | |
| 606 | 0 | @a养蜂业 |
| 606 | 0 | @a畜牧 |
| 606 | 0 | @a兽医学 |
| 606 | 0 | @a狩猎 |
| 606 | 0 | @a蚕业 |
| 690 | @aS8-1@v3 | |
| 701 | 0 | @a杨学城@Ayang xue cheng |
| 702 | 0 | @a王田 张玉安@Awang tian zhang yu an |
| 801 | 0 | @aCN@bPFT@c20070817 |
| 905 | @a213230@dS8-1@en1@f1 | |
| 唐山市畜牧志/杨学城/王田 张玉安等.-天津:天津人民出版社,2002 |
| 281:彩图;26cm |
| ISBN 7-201-04048-0:¥50.00 |
| ● |
| 相关链接 |
|
|
|
|
正题名:唐山市畜牧志
索取号:S8-1/n1
 
预约/预借
| 序号 | 登录号 | 条形码 | 馆藏地/架位号 | 状态 | 备注 |
| 1 | 6600676 | 266006760 | 生命科学系资料室/ [索取号:S8-1/n1] | 在馆 | |
| 2 | 6600677 | 266006779 | 生命科学系资料室/ [索取号:S8-1/n1] | 在馆 | |
| 3 | 6600678 | 266006788 | 生命科学系资料室/ [索取号:S8-1/n1] | 在馆 | |
| 4 | 6600679 | 266006797 | 密集书库-生命科学系/ [索取号:S8-1/n1] | 在馆 | |
| 5 | 6600680 | 266006804 | 生命科学系资料室/ [索取号:S8-1/n1] | 在馆 |